50s Singers by Picture - Statistics

General Stats
  • This quiz has been taken 491 times
  • The average score is 10 of 21
Answer Stats
Picture Hint Answer % Correct
Hound Dog Elvis Presley
98%
Come Fly with Me Frank Sinatra
92%
Peggy Sue Buddy Holly
81%
I Walk the Line Johnny Cash
77%
What'd I Say Ray Charles
75%
That's Amore Dean Martin
66%
Blueberry Hill Fats Domino
61%
Unforgettable Nat King Cole
61%
Que Sera, Sera Doris Day
55%
La Bamba Ritchie Valens
55%
Your Cheating Heart Hank Williams
45%
Because of You Tony Bennett
45%
Diana Paul Anka
44%
Fever Peggy Lee
33%
Who's Sorry Now Connie Francis
25%
Magic Moments Perry Como
25%
Chances Are Johnny Mathis
24%
Love Letters in the Sand Pat Boone
21%
Tenderly Rosemary Clooney
17%
The Doggie in the Window Patti Page
10%
Shrimp Boats Jo Stafford
5%
No matching quizzes found
Score Distribution
Percent of People with Each Score
Percentile by Number Answered
Your Score History
You have not taken this quiz